banner koha

As leis morais segundo a filosofia espírita / (Registro n. 8914)

MARC details
000 -LÍDER
Campo de controle fixo 00814nam a2200289 4500
001 - NÚMERO DE CONTROLE
Número de controle BS2023000059
003 - CÓDIGO MARC DA AGÊNCIA CATALOGADORA
Campo de controle BR-BrBNA
005 - DATA E HORA DA ÚLTIMA ATUALIZAÇÃO
Campo de controle 20230420093104.0
008 - CAMPO DE TAMANHO FIXO
Campo fixo de controle 230419b2008 bl.||||| |||| 00| 0 por d
020 ## - ISBN - INTERNATIONAL STANDARD BOOK NUMBER
ISBN 978-85-7328-119-4
040 ## - FONTE DA CATALOGAÇÃO
Agência catalogadora BR-BrBNA
Idioma da catalogação por.
041 ## - CÓDIGO DO IDIOMA
Código do Idioma por.
072 ## - CATEGORIA DE CLASSIFICAÇÃO
Código da categoria de assunto B59
100 ## - ENTRADA PRINCIPAL - NOME PESSOAL
Nome pessoal Calligarris, Rodolfo
Datas associadas ao nome 1913-1975
245 ## - TÍTULO PRINCIPAL
Título principal As leis morais segundo a filosofia espírita /
Indicação de responsabilidade Rodolfo Calligaris.
250 ## - EDIÇÃO
Edição 14. ed.
Outras informações sobre edição 1. reimpressão
260 ## - IMPRENTA (PUBLICAÇÃO, DISTRIBUIÇÃO, ETC.)
Lugar de publicação, distribuição, etc. Rio de Janeiro - RJ :
Nome do editor, distribuidor, etc. Federação Espírita Brasileira,
Data de publicação, distribuição, etc 2008
300 ## - DESCRIÇÃO FÍSICA
Extensão 200 p.
650 ## - ASSUNTO
Cabeçalho tópico ou nome geográfico ESPIRITISMO
650 ## - ASSUNTO
Cabeçalho tópico ou nome geográfico RELIGIÃO
650 ## - ASSUNTO
Cabeçalho tópico ou nome geográfico DOUTRINA ESPÍRITA
650 ## - ASSUNTO
Cabeçalho tópico ou nome geográfico REENCARNAÇÃO
650 ## - ASSUNTO
Cabeçalho tópico ou nome geográfico HISTÓRIAS DAS RELIGIÕES
909 ## - IDENTIFICAÇÃO DO CATALOGADOR
Ano e mês da catalogação (aaaamm) 202304
Identificação do catalogador Maria Neves
909 ## - IDENTIFICAÇÃO DO CATALOGADOR
-- 53
-- Layla Santos
942 ## - TIPO ESPECÍFICO
Tipo de material Livros
Exemplares
Status de empréstimo Fonte de classificação Status de danificação Não pode ser emprestado Código da coleção Localização permanente Localização atual Total Checkouts Número de chamada Código de barras Date last seen Tipo de material Perdido Data de aquisição Fonte de aquisição Qualificador de localização codificada Preço Número de inventário Preço para reposição Preço efetivo a partir de
  Classificação AGRIS     Acervo Cultural Biblioteca Nacional de Agricultura - Binagri Biblioteca Nacional de Agricultura - Binagri   B59 2023000059 2023-435495 19/04/2023 Livros                

BINAGRI

Telefone: (61)3218-2567/2388/3357/2097 - binagri@agro.gov.br

Ministério da Agricultura e Pecuária , Esplanada dos Ministérios, Bloco D, Anexo B, Brasília/DF, CEP: 70.043-900